000 00776nam a2200229Ii 4500
003 JO-AjNU
008 230605s9999||||xx |||||||||||||| ||und||
017 _a2011/19080
020 _a977-10-2746-8
040 _aJO-AjNU
_bara
_erda
_cJO-AjNU
041 _aara
050 1 4 _aK3410.T3544.2012
100 3 _a الطماوي، سليمان محمد,
_eauthor
_944161
245 0 0 _aالقضاء الإداري : قضاء التأديب " دراسة مقارنة "
250 _a(د،ط)
264 3 1 _aالقاهرة : دار الفكر العربي ، 2012
300 _a 656ص
336 _atext
_btxt
_2rdacontent
337 _aunmediated
_bn
_2rdamedia
338 _avolume
_bnc
_2rdacarrier
650 4 _aالقضاء الاداري -- قضاء التأديب
_944162
999 _aA19044
_c22612
_d22612